| 000 | 01069nam a2200337 a 4500 | ||
|---|---|---|---|
| 003 | AR-BaBNM | ||
| 005 | 20251128204007.0 | ||
| 008 | 082120s2002 ||||||||||||||000 | spa|| | ||
| 040 | _cAR-BaBNM | ||
| 110 | 1 | _aArgentina | |
| 240 | 1 | 0 | _aCódigo Procesal Penal |
| 245 | 0 | 0 |
_aCódigo de procedimientos en materia penal _bpara la Justicia federal y los Tribunales ordinarios de la Capital y Territorios Nacionales |
| 250 | _a9ª ed. | ||
| 260 |
_aBuenos Aires _bAbeledo-Perrot _c1979 |
||
| 300 | _a252 p. | ||
| 500 | _aEdición actualizada, con su respectiva exposición de motivos e índice alfabético | ||
| 500 | _aContiene apéndice: leyes complementarias | ||
| 500 | _aIndice alfabético p. 229-247 | ||
| 500 | _aIndice general p. 249-252 | ||
| 600 | 1 | 4 | _aObarrio, Manuel |
| 650 | 4 | _aDERECHO PENAL | |
| 650 | 4 | _aPROCEDIMIENTO PENAL | |
| 650 | 4 | _aCODIGOS | |
| 650 | 4 | _aJUICIOS | |
| 650 | 4 | _aTRIBUNALES | |
| 650 | 4 | _aLEGISLACION | |
| 650 | 4 | _aLEGISLACION ARGENTINA | |
| 700 | 1 |
_aChichizola, Mario I. _eeditor |
|
| 942 | _cBK | ||
| 998 | _cAndrea | ||
| 999 |
_c5762 _d5762 |
||